La aurora del bien (Record no. 163804)

MARC details
000 -LEADER
campo de control de longitud fija 00894nam a22001815i 4500
001 - NÚMERO DE CONTROL
campo de control 163804
003 - IDENTIFICADOR DE NÚMERO DE CONTROL
campo de control ES-MaACL
005 - FECHA Y HORA DE LA ÚLTIMA TRANSACCIÓN
campo de control 20230906212820.0
008 - DATOS DE LONGITUD FIJA--INFORMACIÓN GENERAL
campo de control de longitud fija 020513s1872 sp |||| | spa d
040 ## - FUENTE DE CATALOGACIÓN
Centro catalogador/agencia de origen CAM
Lengua de catalogación spa
Centro/agencia transcriptor CAM
100 1# - ENTRADA PRINCIPAL--NOMBRE DE PERSONA
Nombre de persona Rodríguez Rubí, Juan.
9 (RLIN) 131952
245 13 - MENCIÓN DEL TÍTULO
Título La aurora del bien
Resto del título : comedia en tres actos y en verso /
Mención de responsabilidad, etc. original de Juan Rodriguez Rubí.
260 ## - PUBLICACIÓN, DISTRIBUCIÓN, ETC.
Lugar de publicación, distribución, etc. Madrid :
Nombre del editor, distribuidor, etc. [s.n.],
Fecha de publicación, distribución, etc. 1872 (
Fabricante Imprenta de José Rodriguez)
300 ## - DESCRIPCIÓN FÍSICA
Extensión 75 p. ;
Dimensiones 20 cm.
500 ## - NOTA GENERAL
Nota general En port.: Estrenada en el teatro Martín de esta corte, la noche del 12 de marzo de 1872.
596 ## - NOTA AL PIE DE IMPRENTA
NOTA AL PIE DE IMPRENTA En verso de port. consta: "... de la Galería lírica y dramática de Los Bufos Arderius ..."
852 ## - LOCALIZACIÓN
Ubicación ES-MaACL
Número de control de estantería F-8586(2)
Nota libre -- Enc. pasta española
-- -- Enc. en un vol. facticio, formando parte de la col. facticia: "Teatro español moderno", vol. 39
-- .- Dedicatoria manuscrita del autor
Holdings
Estatus retirado Estado de pérdida Estado de daño No para préstamo Colección Biblioteca de origen Biblioteca actual Ubicación en estantería Fecha de adquisición Total de préstamos Signatura topográfica completa Código de barras Visto por última vez Precio de reemplazo Tipo de ítem Koha
        Libros del s. XIX Biblioteca del Ateneo de Madrid Biblioteca del Ateneo de Madrid Sala Pecera Planta 2 17/01/2008   F-8586(2) 1171665 23/02/2023 23/02/2023 Libro impreso antiguo